Friends Cast Photo Quiz Stats

 Plays Quiz Updated Jun 4, 2015

Also try: HIMYM Cast Photo
Challenge
Share
Tweet
Score 0/12 Timer 02:00
4 Plays Today
% Correct
Ross Geller
95.2%
Joey Tribbiani
94.5%
Monica Geller
94.2%
Rachel Green
94.1%
Chandler Bing
93.7%
Phoebe Buffay
93.3%
Jennifer Aniston
84.3%
Matt LeBlanc
75.8%
Matthew Perry
74.8%
David Schwimmer
74.4%
Lisa Kudrow
74.2%
Courteney Cox
64.4%

You're not logged in!

Compare scores with friends on all Sporcle quizzes.
Join for Free
OR
Log In

You Might Also Like...

Show Comments

Extras

Top Quizzes Today


Score Distribution

Your Account Isn't Verified!

In order to create a playlist on Sporcle, you need to verify the email address you used during registration. Go to your Sporcle Settings to finish the process.

Report this User

Report this user for behavior that violates our Community Guidelines.

Details: